000 00642nam a2200193 a 4500
001 000006813
005 20250408123231.0
008 090903s2005 dr a 000 0 spa d
020 _z9993432054
040 _aDO-SdBNP
_bspa
_cBNPHU
082 _a460
_bN964l
100 1 _aNúñez, Manuel,
_d1957-
_92366
245 1 3 _aLa lengua española, compañera de la nación dominicana /
_cManuel Nuñez.
260 _aSanto Domingo :
_bLetra Gráfica,
_c2005.
300 _a110 p. :
_bil. ;
_c23 cm.
500 _aIncluye datos biográficos del autor en la solapa
500 _aIncluye notas al pie de las páginas
650 4 _aEspañol
_xEnseñanza
_9406
999 _c6601
_d6601